000 00341nam a22001577a 4500
003 SGT
020 _a9788198109484
082 _a617.7
_bO25M
100 _aMITTAL, SANJEEV K.
245 _aTB. OF OPHTHALMOLOGY
250 _a2ND
260 _aINDIA
_bTHIEME PUB
_c2025
300 _a886
650 _aOPHTHALMOLOGY
942 _2ddc
_cBK
999 _c30598
_d30598